1658 1683 1586 1714 1252 1503 1782 1760 1972 1227 1779 1865 1194 1065 1362 1989 1980 1065 1826 1522 1327 1500 1914 1366 1470 1311 1812 1162 1060 1893 1288 1442 1552 1834 1287 1457 1381 1724 1215 1179 1684 1935 1667 1501 1324 1149 1274 1881 1098 1205 1070 2000 1618 1746 1814 1519 1416 1993 1550 1810 1888 1487 1550 1988 1083 1033 1855 1606 1756 1305 1276 1066 1277 1775 1553 1702 1544 1602 1558 1743 1782 1796 1809 1108 1753 1134 1238 1721 1261 1343 1079 1254 1235 1718 1445 1434 1236 1864 1631 BCNSPRNW ULIB Ver.6.0+V

เปลี่ยนเป็นภาษาไทย

Change to English
 แสดงรายละเอียดบรรณานุกรม
  กลับหน้าหลัก

Brief Record : Get Marc (ISO 2709) : E-mail record : QR code < ปิดหน้าต่าง
LEADER : 00000nam 2200000uu 4500
001    13399122302
003     ULIB
008    130206s2555||||th 000 0 tha d
020    ^a9789743483424
060  4 ^aWY18.2^bพ953ท
110 1  ^aเพื่อนช่วยจำ
245 00 ^aทบทวนการพยาบาลเด็กและวัยรุ่น C&ANR =^bChildren& adolescence nursing review./^cเพื่อนช่วยจำ
246 0  ^aChildren& adolescence nursing review,
260    ^aกรุงเทพฯ:^bเพื่อนช่วยจำ,^c2555
300    ^a229 หน้า
650  7 ^aการพยาบาลเด็กและวัยรุ่ย^xข้อสอบ
650  7 ^aChildren& adolescence
710 1  ^aเพื่อนช่วยจำ
945    ^p199^l0^i19840
945    ^p199^l0^i19841
945    ^p199^l0^i19842
945    ^p199^l0^i19843
945    ^p199^l0^i19844
995    ^aทศพร
999    ^aทศพร เกษรทอง
รายการนี้ยังไม่มีแท็ก
คุณยังไม่ได้ล็อกอิน คุณสามารถมีกิจกรรมร่วมกับเว็บไซต์ได้ แต่ต้องล็อกอินก่อน ::
  ล็อกอิน

รายการสื่อสารสนเทศ

ลำดับที่ ประเภท เลขเรียก/บาร์โค้ด สถานที่ สถานะ
1. Book การพยาบาล
Book การพยาบาล
WY18.2 พ953ท ฉ.1 
  Barcode: 19840
ห้องสมุดวิทยาเขตนครสวรรค์
►ส่วนจัดเก็บหนังสือเก่า นว.
บนชั้น
  ขอยืม
2. Book การพยาบาล
Book การพยาบาล
WY18.2 พ953ท ฉ.2 
  Barcode: 19841
ห้องสมุดวิทยาเขตนครสวรรค์
►ส่วนจัดเก็บหนังสือเก่า นว.
บนชั้น
  ขอยืม
3. Book การพยาบาล
Book การพยาบาล
WY18.2 พ953ท ฉ.3 
  Barcode: 19842
ห้องสมุดวิทยาเขตนครสวรรค์
►ส่วนจัดเก็บหนังสือเก่า นว.
บนชั้น
  ขอยืม
4. Book การพยาบาล
Book การพยาบาล
WY18.2 พ953ท ฉ.4 
  Barcode: 19843
ห้องสมุดวิทยาเขตนครสวรรค์
►ส่วนจัดเก็บหนังสือเก่า นว.
บนชั้น
  ขอยืม
5. Book การพยาบาล
Book การพยาบาล
WY18.2 พ953ท ฉ.5 
  Barcode: 19844
ห้องสมุดวิทยาเขตนครสวรรค์
►ส่วนจัดเก็บหนังสือเก่า นว.
บนชั้น
  ขอยืม

รายการใกล้เคียง
    หัวเรื่อง [Children& adolescence]

BibComment


ยังไม่เคยถูกคอมเมนท์

คอมเมนท์ทรัพยากรรายการนี้
  คอมเมนท์: ทบทวนการพยาบาลเด..


 Copyright 2026. Bcnsprnw @Library